| 000 | 00776cam a22002412 4500 | ||
|---|---|---|---|
| 001 | 0000012119 | ||
| 005 | 20151217152107.0 | ||
| 008 | 090203s xx 000 0 eng d | ||
| 020 | _a013149726x : | ||
| 040 |
_aKABU _cKABU |
||
| 050 | 0 |
_aTK7871.85 _b.S77 2006 |
|
| 100 | 1 |
_aStreetman, Ben G. _@0000156426 |
|
| 245 | 1 | 0 |
_aSolid state electronic devices / _cBen G. Streetman and Sanjay Kumar Banerjee. |
| 250 | _a6th ed. | ||
| 260 |
_aUpper Saddle River, NJ : _bPrentice Hall, _c2006. |
||
| 300 | _axviii, 581 p. | ||
| 650 | 0 |
_aSemiconductors. _@0000156427 |
|
| 650 | 0 |
_aSolid state electronics. _@0000156428 |
|
| 700 | 1 |
_aBanerjee, Sanjay Kumar. _@0000168314 |
|
| 852 | 1 | _9p5648.87 KES | |
| 908 | _a090203 | ||
| 950 | _@1 | ||
| 999 |
_c8181 _d8181 |
||